00378nam a2200121 a 45000010005000000030005000050050017000100080041000270400020000681000026000882450122001142600020002362671CDMR20130312171449.0130130s1972||||||||||||||||||||||||||||d aCDMRbcatcCDMR1 aFebrer Llaurado, Juan14aLos periódicos de Cataluña y Baleares durante la Guerra de la Independencia cJuan Febrer Llauradob: (1808-1814) aBarcelonac1972